00575 2200217 4500001002100000005001500021008004100036020002200077035001900099041000700118082001000125090001600135100002000151700002100171700003700192245003800229250001100267260003100278300003100309650001700340INLIS00000000002535320241224131918241224||||||||| | ||| |||| || |  a978-623-206-179-8 0010-1224025353 aid0 a398.2 a398.2 ANI d0 aAnisa Widiyarti0 apenyunting: Hari0 ailustrator: Garis BIntang Studio00aDongeng pembentuk karakter syukur acet. 1 aSolobTiga Serangkaic2019 aiv, 76 hlm.: ilus.; 26 cm. 0aDongeng Anak